Medium Geography Connections - Statistics

General Stats
  • This quiz has been taken 26 times
  • The average score is 6 of 6
Answer Stats
Hint Answer % Correct
Sagrada Familia, Bay of Biscay, Paella, Felipe VI Spain
100%
Petra, Dead Sea, Mansaf, Abdullah II Jordan
96%
Chichen Itza, Rio Grande, Tacos, Claudia Sheinbaum Mexico
96%
Angkor Wat, Mekong River, Fish Amok, Norodom Sihamoni Cambodia
92%
Petrona Towers, Malacca Strait, Nasi Lemak, Anwar Ibraim Malaysia
92%
Kaaba, Gulf of Aqaba, Kabsa, Salman Al Saud Saudi Arabia
88%
No matching quizzes found
Score Distribution
Percent of People with Each Score
Percentile by Number Answered
Your Score History
You have not taken this quiz